Statistics for Scotland | Urban Areas ≥15,000 Population 2021

Click here to take the quiz!

General Stats

  • This quiz has been taken 16 times
  • The average score is 20 of 44

Answer Stats

Pop.Urban Area% Correct
1,026,880Glasgow
100%
218,420Aberdeen
93%
157,710Dundee
93%
63,900Inverness
93%
47,220Perth
93%
529,580Edinburgh
87%
48,880Stirling
87%
62,150Ayr
80%
34,000Dumfries
67%
84,680Hamilton
67%
76,830Dunfermline
60%
103,020Falkirk
60%
37,380Irvine
60%
51,410Kilmarnock
60%
66,290Livingston
60%
125,490Motherwell
60%
16,930St Andrews
60%
75,350East Kilbride
53%
65,250Greenock
53%
29,250Bathgate
47%
52,270Cumbernauld
47%
21,070Dumbarton
47%
24,930Elgin
47%
50,340Kirkcaldy
47%
90,280Coatbridge
40%
23,500Arbroath
33%
44,610Glenrothes
33%
15,010Troon
33%
20,610Alloa
27%
15,950Kilwinning
27%
30,230Kirkintilloch
27%
31,620Saltcoats
27%
15,970Broxburn
20%
16,760Erskine
20%
15,250Helensburgh
20%
16,530Larkhall
20%
19,110Peterhead
20%
24,110Alexandria
13%
19,380Cowdenbeath
13%
15,210Galashiels
13%
16,510Penicuik
13%
25,790Bonnybridge
7%
55,080Dalkeith
7%
30,820Methil
7%

Score Distribution

Percentile by Number Answered

Percent of People with Each Score

Your Score History

You have not taken this quiz